A Demetriano / (Record n. 357763)

Dettagli MARC
000 -LEADER
fixed length control field 01513nam a2200361 a 4500
001 - CONTROL NUMBER
control field 270.008-SCh.it CIP ca (23106)
003 - CONTROL NUMBER IDENTIFIER
control field CaOOAMICUS
005 - DATE AND TIME OF LATEST TRANSACTION
control field 20180122101219.0
008 - FIXED-LENGTH DATA ELEMENTS--GENERAL INFORMATION
fixed length control field 080908s2008 it 001 0 ita d
020 ## - INTERNATIONAL STANDARD BOOK NUMBER
International Standard Book Number 9788870946352
040 ## - CATALOGING SOURCE
Original cataloging agency PUG
Language of cataloging ita
Modifying agency mv
Transcribing agency IT-MiSPE
041 1# - LANGUAGE CODE
Language code of text/sound track or separate title ita
-- lat
084 ## - OTHER CLASSIFICATION NUMBER
Classification number 30 CT
084 ## - OTHER CLASSIFICATION NUMBER
Classification number 33 G
100 1# - MAIN ENTRY--PERSONAL NAME
Personal name Cyprianus, Thascius Caecilius,
Titles and words associated with a name s.,
Dates associated with a name fl. ca.200-258.
9 (RLIN) 56811
240 10 - UNIFORM TITLE
Uniform title Ad Demetrianum.
Language of a work Latino e italiano
245 10 - TITLE STATEMENT
Title A Demetriano /
Statement of responsibility, etc. Cipriano di Cartagine ; introduzione, testo critico e commento Jean-Claude Fredouille ; traduzione Attilio Carpin.
260 ## - PUBLICATION, DISTRIBUTION, ETC. (IMPRINT)
Place of publication, distribution, etc. Roma :
Name of publisher, distributor, etc. Edizioni San Clemente ;
Place of publication, distribution, etc. Bologna :
Name of publisher, distributor, etc. Edizioni Studio Domenicano,
Date of publication, distribution, etc. 2008.
300 ## - PHYSICAL DESCRIPTION
Extent 235 p. ;
Dimensions 20 cm
490 1# - SERIES STATEMENT
Series statement Sources chrétiennes.
-- Edizione italiana ;
Volume/sequential designation 005
500 ## - GENERAL NOTE
General note Traduzione italiana con testo latino a fronte
504 ## - BIBLIOGRAPHY, ETC. NOTE
Bibliography, etc Bibliografia (pp. 61-67) e indici
655 #7 - INDEX TERM--GENRE/FORM
Genre/form data or focus term Patrologia. Generalità
General subdivision Collane - Varia.
Source of term local
9 (RLIN) 56812
655 #7 - INDEX TERM--GENRE/FORM
Genre/form data or focus term Patrologia latina (eccetto Augustinus, Aurelius, s.)
General subdivision Cyprianus, Thascius Caecilius, s., fl. ca.200-258.
Source of term local
9 (RLIN) 56813
700 1# - ADDED ENTRY--PERSONAL NAME
Personal name Fredouille, Jean-Claude,
Relator term ed.
9 (RLIN) 56827
700 1# - ADDED ENTRY--PERSONAL NAME
Personal name Carpin, Attilio,
Titles and other words associated with a name o.p.,
Relator term tr.
9 (RLIN) 56828
830 #0 - SERIES ADDED ENTRY--UNIFORM TITLE
Uniform title Sources chrétiennes.
Name of part/section of a work Edizione italiana ;
Volume number/sequential designation 005.
9 (RLIN) 56829
942 ## - ADDED ENTRY ELEMENTS (KOHA)
Source of classification or shelving scheme Dewey Decimal Classification
Koha item type LIBRO
990 10 - EQUIVALENCES OR CROSS-REFERENCES [LOCAL, CANADA]
Link information for 9XX fields 90001a
Link information for field corresponding to 9XX field 10001acd
990 10 - EQUIVALENCES OR CROSS-REFERENCES [LOCAL, CANADA]
Link information for 9XX fields 90002a
Link information for field corresponding to 9XX field 10001acd
Dati di copia
Withdrawn status Lost status Source of classification or shelving scheme Damaged status Not for loan Home library Current library Date acquired Total Checkouts Full call number Barcode Date last seen Price effective from Koha item type
    Dewey Decimal Classification Buone Condizioni Not For Loan CINISELLO CINISELLO 22/01/2018   270.008 SCh.it CIP ca (23106) 9788870946352 22/01/2018 22/01/2018 LIBRO
CREDITS: SOCIETA' SAN PAOLO Via A.Severo, 58 - ROMA (RM) & PERIODICI SAN PAOLO SRL Via Giotto, 36 MILANO & CISF Via Giotto, 36 MILANO & EDIZIONI SAN PAOLO SRL,  Piazza Soncino, 5 CINISELLO BALSAMO (MI) -- ITALY